INDIAN SALE OF GOODS ACT, 1930 (Record no. 10353)

MARC details
000 -LEADER
fixed length control field 00308nam a22001337a 4500
003 - CONTROL NUMBER IDENTIFIER
control field SGT
082 ## - DEWEY DECIMAL CLASSIFICATION NUMBER
Classification number 340,AGA
100 ## - MAIN ENTRY--PERSONAL NAME
Personal name AGARAWALOMPRAKASH
245 ## - TITLE STATEMENT
Title INDIAN SALE OF GOODS ACT, 1930
260 ## - PUBLICATION, DISTRIBUTION, ETC. (IMPRINT)
Year of Publication 1959
Place of publication, distribution, etc NEW DELHI
Name of publisher, distributor, etc ,M.B.C. LAW
300 ## - PAGE DESCRIPTION
No. of Pages 838
650 ## - SUBJECT ADDED ENTRY--TOPICAL TERM
Topical term or geographic name as entry element INDIAN SALE OF GOODS ACT
942 ## - ADDED ENTRY ELEMENTS (KOHA)
Source of classification or shelving scheme Dewey Decimal Classification
Koha item type Books
Holdings
Withdrawn status Lost status Source of classification or shelving scheme Damaged status Not for loan Collection code Home library Current library Shelving location Date acquired Vendor Name SGTU Full call number Accession No. (Barcode) Date last seen Bill Date Koha item type
    Dewey Decimal Classification   Not For Loan LAW SGT Science & Social Sciences Library SGT Science & Social Sciences Library Reference Book 31/12/2016 GIFT SGTU 340,AGA FL915 31/12/2016 31/12/2016 Books